00453nam a2200181Ia 450000500170000000800410001702000140005804000190007204100120009108200130010324500570011626000280017330000110020150400190021265000100023170000200024185000100026120240620104235.0131103s9999 xx 000 0 und d a706312740 aLoreto College aEnglish a745bSHA 4aThe girl's book of hsndicraftscedited by David Shaw aLondonbWard Lockc1972 a160p.  aIncludes index aCraft aShaw, David;ed. aLCBED